Movies Quiz

Random Movies or Animation Quiz

Magical Disney Characters Quiz Stats

 Plays Quiz Updated Dec 11, 2018

Challenge
Share
Tweet
Score 0/12 Timer 04:00
3 Plays Today
Hint Answer % Correct
Tinker Bell
98.2%
Elsa
95%
Genie
94.3%
Fairy Godmother
90.1%
Rapunzel
82.8%
Maleficent
82.8%
Cheshire Cat
80.6%
Hades
79.6%
Queen Grimhilde
72.5%
King Triton
71.3%
Blue Fairy
44.4%
Madam Mim
29.1%

You're not logged in!

Compare scores with friends on all Sporcle quizzes.
OR
Log In

You Might Also Like...

Show Comments

Extras

Top Quizzes Today


Score Distribution

Your Account Isn't Verified!

In order to create a playlist on Sporcle, you need to verify the email address you used during registration. Go to your Sporcle Settings to finish the process.

Report this User

Report this user for behavior that violates our Community Guidelines.

Details: